Geografia v edukačnom procese a v každodennom živote

Geografia ako vyučovací predmet. Vybrané subdisciplíny geografie - etnogeografia, geografia relígií, kultúrna geografia, politická geografia. Ich význam pre formovanie osobnosti mládeže a k prehĺbeniu jej základného i všeobecného vzdelania.

Guardado en:
Detalles Bibliográficos
Autor principal: Bujnová, Helena
Formato: Capítulo de libro
Lenguaje:eslovaco
Materias:
Etiquetas: Agregar Etiqueta
Sin Etiquetas, Sea el primero en etiquetar este registro!

MARC

LEADER 00000nla$a2200000$$$4500
001 0135011
005 20240502072522.0
041 0 |a slo 
044 |a SK 
245 1 0 |a Geografia v edukačnom procese a v každodennom živote  |c Helena Bujnová 
520 |a Geografia ako vyučovací predmet. Vybrané subdisciplíny geografie - etnogeografia, geografia relígií, kultúrna geografia, politická geografia. Ich význam pre formovanie osobnosti mládeže a k prehĺbeniu jej základného i všeobecného vzdelania. 
610 2 0 |a geografia 
610 2 0 |a vyučovanie 
610 2 0 |a predmety učebné 
100 1 |a Bujnová, Helena